000 01104nam a2200349Ia 4500
003 OSt
005 20220912144622.0
006 a|||||r|||| 00| 0
007 ta
008 220909b |||||||| |||| 00| 0 eng d
020 _a9780824709691 (hbk)
020 _aSL01560313
024 _a188835
037 _b35, 18/06/2013, N R Book Distributors
037 _cReference Collections
040 _aCSL
_beng
_cCSL
041 _aeng
082 _aY7:(L)g, P7 RR
100 _aBray George A Ed.; Bouchard Claude Ed.
245 0 _aHandbook of obesity : etiology and pathophysiology
250 _a2
260 _aNew York
_bCRC
_c2007
300 _axiv,1046p.
500 _aInclude bibliographical references.; Index 1023-1046p.
650 _a Etiology
650 _a Pathophysiology
650 _aAnthropology
700 _a Miori Virginia Ed.
700 _aBray George A Ed.; Bouchard Claude Ed.
942 _hY7:(L)g, P7 RR
_cREF
_2CC
999 _c13788
_d13788